| 000 | 00582 a2200217 4500 | ||
|---|---|---|---|
| 020 | _a0-672-32126-2 | ||
| 040 |
_aDLC _bDLC |
||
| 082 | 0 | _a005.276 | |
| 100 | 1 | _aMartin, Joe | |
| 245 | 0 | 0 |
_aSams teach yourself ASP.NET in 24 hours _cJoe Martin and Brett Tomson |
| 260 |
_aIndia : _bTechmedia ; _c2001 |
||
| 300 |
_axv, 456 s. _bill. |
||
| 650 | 7 | _aInternet programming | |
| 650 | 7 |
_aWeb sites _xDesign |
|
| 650 | 7 | _aDatabehandling | |
| 650 | 7 | _aInternet | |
| 650 | 7 | _aData processing | |
| 650 | 7 | _aComputer networks | |
| 700 | 1 | _aTomson, Brett | |
| 942 |
_cBK _k005.276 MAR _2ddc |
||
| 999 |
_c6082 _d6082 |
||